000 01152cam a2200229 4500
001 ABS61357
008 000000n1999 000 0 eng u
035 _a(Sirsi) u101037
245 _aEdwards and Edwards v Surrey CC
260 _c1999
490 _aRating & Valuation Reporter
_v[1999] 38(9) RVR 223-232(10)
520 _a17 February 1998 LT. Dimbula, Bagshot Road, Brookwood, Surrey. Blight notice served on the council to purchase the property. The council served a counter notice, objecting that reasonable endeavours had not been made to sell. The council's scheme required a strip of forecourt along the entire frontage of the property. Whether strip could be taken without serious detriment to amenity and convenience. Whether asking price reasonable. Held, the objections to the blight notice were upheld.
590 _aABS
650 _aBLIGHT NOTICES
650 _aCOUNTER NOTICE
650 _aEDWARDS AND EDWARDS V SURREY CC
650 _aPURCHASE PRICE
650 _aNOISE
650 _aOBJECTIONS
690 _aENVIRONMENTAL AND LAND CONSULTANCY-PLANNING AND DEVELOPMENT-COMPULSORY PURCHASE AND COMPENSATION
942 _n0
999 _c60286
_d60286